[Event "Dewan Astana Karnival op"]
[Site "Dewan Astana"]
[Date "2015.08.01"]
[Round "7"]
[White "Wee, Yi Le"]
[Black "Mohamad, Fadzli Naim Mohd Ka"]
[Result "1/2-1/2"]
[WhiteElo "1366"]
[BlackElo "1348"]
[PlyCount "93"]
[EventDate "2015.07.29"]
[EventType "swiss"]
[EventRounds "7"]
[EventCountry "MAS"]
[SourceTitle "EXT 2017"]
[Source "ChessBase"]
[SourceDate "2016.10.25"]
[SourceVersion "1"]
[SourceVersionDate "2016.10.25"]
[SourceQuality "1"]

1. e4 d5 2. exd5 Qxd5 3. Nc3 Qa5 4. Nf3 Nf6 5. Be2 Bg4 6. 0-0 Bxf3 7. Bxf3 c6 8. d3 e6 9. Bd2 Qc7 10. Re1 Bd6 11. g3 0-0 12. Ne4 Nxe4 13. Bxe4 Nd7 14. Qh5 f5 15. Bg2 Nf6 16. Qg5 Rae8 17. h4 Qf7 18. Re2 Ng4 19. Bc3 h6 20. Qd2 Qc7 21. Ba5 b6 22. Bc3 Re7 23. f4 h5 24. Bf3 a6 25. Rae1 Rfe8 26. Bxg4 fxg4 27. Be5 Kf7 28. d4 Rd8 29. Qd3 g6 30. c3 a5 31. Bxd6 Rxd6 32. Re5 Rd5 33. Rf1 Kg7 34. Kh2 Rxe5 35. fxe5 Rf7 36. Kg2 Rf5 37. Rxf5 gxf5 38. Qe3 Qf7 39. Qg5+ Kh7 40. Kf2 f4 41. gxf4 Qf5 42. Ke3 Qxg5 43. fxg5 Kg6 44. Kf4 Kf7 45. a4 c5 46. dxc5 bxc5 47. c4 1/2-1/2